Tilastot visalle Afrikan suurten järvien valtiot tyhjällä kartalla

Klikkaa tästä pelataksesi tätä visaa!

Yleistilastot

  • Tätä visaa on pelattu 933 kertaa
  • Keskiarvotulos 9 / 10

Vastaukset kartalla

Vastauksille on annettu kartalla punavihreä väri sen mukaan, kuinka moni on saanut sen oikein.
 

Vastaustilastot

Valtio% Oikein
Kongon dem. tasavalta
96%
Etiopia
95%
Kenia
95%
Mosambik
90%
Tansania
90%
Uganda
90%
Ruanda
87%
Sambia
83%
Malawi
82%
Burundi
80%

Tulosjakauma

Persentiili vastausten määrän mukaan

Jokaisen tuloksen saaneiden osuus

Tuloshistoriasi

Et ole pelannut tätä visaa